| 000 | 00691nam a22002057a 4500 | ||
|---|---|---|---|
| 003 | OSt | ||
| 005 | 20130410130001.0 | ||
| 008 | 130410s2011 sp ||||| |||| 00| 0 spa d | ||
| 020 | _a9788408107187 | ||
| 040 | _cCDMR | ||
| 100 | 1 |
_92948 _aBuenafuente, Andreu |
|
| 245 | 1 | 0 |
_aLo que vendría a ser la televisión en España _b: según Buenafuente y el Terrat _cdirección del proyecto, Vanesa Villar ; coordinación de rextos, Oriol Jara y Rafel Barceló |
| 260 |
_aBarcelona _bPlaneta |
||
| 260 |
_bEl Terrat Produccions _c2011 |
||
| 300 |
_a325 p. _bil. col. |
||
| 650 | 0 | 4 |
_91780 _aTelevisió _zEspanya |
| 650 | 0 | 4 |
_92614 _aHumorisme |
| 710 | 2 |
_93125 _aTerrat (productora) |
|
| 942 |
_2udc _cMON |
||
| 999 |
_c6077 _d6077 |
||